| 000 | 00807nam0a22002651 4500 | ||
|---|---|---|---|
| 001 | rc\2962275 | ||
| 005 | 20250715162554.0 | ||
| 035 | _a(NLR Aleph) 007214789 | ||
| 090 |
_a7679525 _c7679525 |
||
| 100 | _a20110903d1939 |||y0rusy50 ca | ||
| 101 | 0 | _arus | |
| 102 | _aRU | ||
| 105 | _ac z ||||| | ||
| 200 | 1 |
_aМао Цзе-Дун. Чжу Дэ _e[Вожди китайского народа] _fЭми Сяо |
|
| 210 |
_a[Москва] _cМол. гвардия _d1939 |
||
| 215 |
_a112 с., 2 вкл. л. портр. _cпортр. _d14 см |
||
| 225 | 1 | _aГероические жизни | |
| 600 | 1 | _aМао Цзе-дун | |
| 600 | 1 | _aЧжу Дэ | |
| 700 | 0 |
_aЭми Сяо _f1896- |
|
| 801 | 0 |
_aRU _bNLR _gpsbo |
|
| 801 | 1 |
_aRU _bELAR _2rusmarc |
|
| 852 |
_aNLR _j39-1/152 |
||
| 942 | _cBOOK | ||
| 980 | _aNB | ||